| 000 | 00725nam a2200217 4500 | ||
|---|---|---|---|
| 003 | OSt | ||
| 005 | 20260530115300.0 | ||
| 008 | 260423b2003 xxca|||| |||| 00| 0 eng d | ||
| 020 | _a(encuadernado en tela : papel alcalino) | ||
| 040 |
_aICI _bspa _cICI |
||
| 050 | 0 |
_aTA174 _bD4774 |
|
| 245 | 0 | 0 |
_aDesign research : _bMethods and Perspectives / _cBrenda Laurel, editor |
| 264 | 1 |
_bMassachusetts Institute of Technology, _cc2003 _aCambridge, Massachusetts : |
|
| 300 |
_a334 páginas _bhojas (algunas a color) _c24cm. |
||
| 336 |
_atexto _2rdacontent |
||
| 337 |
_asin medio _2rdamedia |
||
| 338 |
_avolumen _2rdacarrier |
||
| 650 | 0 | _aDiseño en ingeniería | |
| 700 | 1 |
_aLaurel, Brenda, _eeditor _931179 |
|
| 942 |
_2lcc _cBK _n1 |
||
| 999 |
_c12832 _d12832 |
||